[Event "Cheboksary Sergievskiy Memorial Rapid"]
[Site "Cheboksary"]
[Date "2021.04.09"]
[Round "1"]
[White "Grishin, Yaroslav"]
[Black "Murzin, Volodar"]
[Result "0-1"]
[WhiteElo "1412"]
[BlackElo "2478"]
[PlyCount "58"]
[EventDate "2021.04.09"]
[EventType "swiss (rapid)"]
[EventRounds "11"]
[EventCountry "RUS"]
[SourceTitle "CBM 201 Extra"]
[Source "ChessBase"]
[SourceDate "2021.05.31"]
[SourceVersion "1"]
[SourceVersionDate "2021.05.31"]
[SourceQuality "1"]

1. e4 c5 2. Nf3 d6 3. d4 cxd4 4. Nxd4 Nf6 5. Nc3 a6 6. Be2 e5 7. Nf3 Be7 8. h3 Be6 9. 0-0 h6 10. Be3 0-0 11. a3 Nbd7 12. Qd2 Rc8 13. Bd3 Nc5 14. Rfe1 Qc7 15. Rac1 Rfd8 16. b4 Ncd7 17. Na4 d5 18. exd5 Bxd5 19. c4 Bxf3 20. gxf3 Qc6 21. Nc3 Qxf3 22. Nd5 Nxd5 23. cxd5 Qxh3 24. Be2 Bd6 25. a4 e4 26. Bf4 Ne5 27. Rxc8 Rxc8 28. b5 Nf3+ 29. Bxf3 exf3 0-1